Tout le monde veut devenir un cat - [Paroles entières] - Statistiques

Statistiques générales
  • Ce quiz a été pris 23 fois
  • Le résultat moyen est 208 sur 369
Statistiques - réponses
Personnage(s) Paroles % Correct
Scat-cat Ça
100%
ça
100%
cat
100%
cat,
100%
cat !
100%
cat...
100%
ce
100%
de
100%
devenir
100%
cat
100%
le
100%
le
100%
mon
100%
monde
100%
monde...
100%
monde !
100%
pattes
100%
retombe
100%
ses
100%
sur
100%
O'Malley & Marie | Scat Cat et sa bande | Scat-cat Tout
100%
tout
100%
un
100%
Un
100%
un,
100%
veut
100%
chat,
95%
chat
95%
est
95%
il
95%
O'Malley Il
95%
par
95%
parce
95%
quand
95%
Scat-cat & O'Malley Quand
95%
qu'un
95%
que
89%
à
79%
a
79%
comme
79%
Duchesse Oui,
79%
ou
79%
oui
79%
O'Malley | Scat-cat & O'Malley Oui
79%
oui,
79%
mes
74%
amis
68%
calamité
68%
ces
68%
O'Malley | Scat-cat | Toulouse C'est
68%
c'est
68%
oh
68%
Marie | O'Malley Oh
68%
quel
68%
Scat-cat Quelle
68%
quelle
68%
qu'elle
68%
63%
la
63%
acrobate
58%
les
58%
O'Malley Les
58%
pied
58%
pire
58%
qui
58%
Billy Boss Qui
58%
vous
58%
bien
53%
Peppo Et
53%
et
53%
fou
53%
joue
53%
l'ennuie
53%
trompette
53%
rend
47%
si
47%
vrai !
47%
au
42%
Car
42%
en
42%
O'Malley Mais
42%
on
42%
O'Malley On
42%
swingue
42%
très
42%
O'Malley Une
42%
une
42%
démodé.
37%
dès
37%
des
37%
du
37%
Du
37%
lui
37%
pas
37%
qu'il
37%
rythmé
37%
boutons !
32%
chanter
32%
devient
32%
dingue
32%
jouer
32%
quoi
32%
avec
26%
bel
26%
bottines
26%
cette
26%
chats
26%
dans
26%
d'sa
26%
Un chat Je
26%
Duchesse Nous
26%
semble
26%
vite
26%
Alléluia !
21%
auprès
21%
belle !
21%
cloche
21%
jazz
21%
piqué
21%
va
21%
chanson !
16%
faire
16%
fait
16%
gars
16%
gars !
16%
parmi
16%
quatre !
16%
seul
16%
swinguer
16%
trois
16%
veulent
16%
cœur
11%
couleurs
11%
d'abandon
11%
deux,
11%
donc
11%
encore
11%
Faut
11%
Duchesse J'aimerais
11%
même
11%
nattes
11%
note !
11%
nuit
11%
plus
11%
qu'est
11%
sache
11%
s'en
11%
vont
11%
Allez-y,
5%
Shun Gon Allons
5%
autres
5%
Scat-cat Ben
5%
bientôt
5%
camarade !
5%
cas
5%
clés !
5%
commencer !
5%
coup !
5%
danserait
5%
d'autres
5%
Duchesse ?
5%
éclairée
5%
ensemble
5%
gigue
5%
grande
5%
habiller
5%
Hong Kong
5%
j'adore
5%
laisserons
5%
l'ambiance !
5%
l'ombre...
5%
mal
5%
Maman,
5%
minet.
5%
n'est
5%
n'y
5%
passion
5%
petite
5%
Billy Boss Remuez-vous
5%
rinky
5%
ruelle
5%
s'acharne
5%
s'aimer !
5%
s'assembler
5%
Shun Gon Shangaï
5%
Souffle
5%
souffle !
5%
Thomas !
5%
tinky
5%
tonnerre,
5%
tonnerre !
5%
Aristocat !
0%
Shun Gon Bon
0%
certaines
0%
débutant !
0%
Scat-cat Essaie
0%
foo
0%
haut !
0%
hot !
0%
l'dis
0%
Un Chat Mmm !
0%
Scat-cat Moduler ?
0%
m'plaît !
0%
oeuf
0%
pirate
0%
p'tites
0%
sang,
0%
swinguons
0%
variations !
0%
Un Chat Yeah !
0%
yung !
0%
Aucun quiz correspondant
Distribution des résultats
% des personnes avec chaque résultat
Percentile par nombre de réponses
Votre historique - résultats
Vous n’avez pas pris ce quiz